Normal view
MARC view
- تاليف ريد، سارة ، م.مشارك ديف اوفرفيلت ؛ ترجمة رماح ناجي
Entry Personal Name
001 - CONTROL NUMBER
- control field: 52157
003 - CONTROL NUMBER IDENTIFIER
- control field: JO-AjAnu
005 - DATE AND TIME OF LATEST TRANSACTION
- control field: 20230606082557.0
008 - FIXED-LENGTH DATA ELEMENTS
- fixed length control field: 230606|| aca||aabn | a|a d
040 ## - CATALOGING SOURCE
- Original cataloging agency: JO-AjAnu
- Transcribing agency: JO-AjAnu
100 ## - HEADING--PERSONAL NAME
- Personal name: تاليف ريد، سارة ، م.مشارك ديف اوفرفيلت ؛ ترجمة رماح ناجي
670 ## - SOURCE DATA FOUND
- Source citation: Work cat.: (JO-AjAnu)26655: تاليف ريد، سارة ، م.مشارك ديف اوفرفيلت ؛ ترجمة رماح ناجي, author, المشاركة المدنية : 10 أسئلة لتصميم خطة فاعلة = Civic Engagement: 10 Questiones to shape an effective plan